000 00373nam a2200145Ia 4500
008 150201s2006 xx 000 0 und d
082 _a612.015
_bC2006A
100 _aAHUJA LAKSHMI
245 _aCBS QUICK REVIEW IN BIOCHEMISTRY
250 _a3RD
260 _bC.B.S PUBLISHERS & DISTRIBUTERS
_aDELHI
_c2006
300 _a1-252
650 _aBIOCHEMISTRY
942 _2ddc
_cBK
999 _c3581
_d3581